000 00298nam a22001337a 4500
008 170526b xxu||||| |||| 00| 0 eng d
020 _a0442225431
041 _aeng
080 _a621.38
100 _a25
101 _aIM
245 _aSEMICONDUCTOR POWER ELECTRONICS
_cHOFT,R.G
942 _2udc
_cBK
999 _c14562
_d14562